| 000 | 01645nam a22001937a 4500 | ||
|---|---|---|---|
| 001 | 4087 | ||
| 003 | FISKH | ||
| 005 | 20240606094025.0 | ||
| 008 | 240606b cb ||||| |||| 00| 0 eng d | ||
| 020 | _a9781922806000 | ||
| 040 |
_aFISKH _beng _cFISKH _dFISKH |
||
| 082 | _a994.00 | ||
| 100 | _aButta, Ryan | ||
| 245 |
_aThe ballad of Abdul Wade : _cRyan Butta |
||
| 260 |
_aSouth Melbourne : _bAffirm Press, _c2022 |
||
| 300 |
_a301 pages : _c24 cm |
||
| 520 | _a"When Afghan entrepreneur Abdul Wade first brought his camel trains to the outback, he was hailed as a hero. Horses couldn't access many remote settlements, especially those stricken by flood or drought, and camel trains rode to the rescue time and time again. But with success came fierce opposition fueled by prejudice. The camel was not even classed as an animal under Australian law, and, in a climate of colonial misinformation, hyperbole and fear, camel drivers such as Wade were shown almost as little respect. Yet all the while, for those in need, the ships of the desert continued to appear on the outback horizon. After his interest was piqued by a 19th-century photo of a camel train in a country town, Ryan Butta found himself on the trail of Australia's earliest Afghan camel-drivers. Separating the bull dust from the bush poetry, he reveals the breadth and depth of white Australian protectionism and prejudice. Told with flair and authority, this gritty alternative history defies the standard horse-powered folklore to reveal the untold debt this country owes to humble dromedaries, their drivers and those who brought them here." - Library Thing | ||
| 942 |
_2ddc _cBK _n0 |
||
| 999 |
_c4087 _d4087 |
||